000 00298nam a22001337a 4500
008 181022b xxu||||| |||| 00| 0 eng d
020 _a008032584
041 _aeng
080 _a621
100 _a27
101 _aENG
245 _aElectromagnetism For Engineers
_cHammond.P
942 _2udc
_cBK
999 _c50404
_d50404